'UN' or 'IN' A-Z Quiz Stats

 Plays Quiz Updated Apr 30, 2016

Score 0/26 Timer 02:00
0 Plays Today
Hint UN or IN % Correct
correct???
97.3%
accurate???
97.2%
beholden???
95%
manageable???
94.6%
qualified???
93.8%
opportune???
91.4%
harness???
91.3%
varnished???
91.2%
kempt???
90.7%
nameable???
90.5%
undate???
89%
glorious???
88.6%
lets???
88.2%
Hint UN or IN % Correct
wary???
88.1%
familiarity???
87.5%
tolerable???
86.3%
XS (band)???
86.2%
delible???
85.6%
ravished???
83.8%
ideal???
83.3%
yoke???
81.4%
justifiable???
79.7%
zoned???
68.8%
eccentric???
67%
scrupulous???
63%
pouring???
52%

You're not logged in!

Compare scores with friends on all Sporcle quizzes.
OR
Log In

You Might Also Like...

Show Comments

Extras

Top Quizzes Today


Score Distribution

Your Account Isn't Verified!

In order to create a playlist on Sporcle, you need to verify the email address you used during registration. Go to your Sporcle Settings to finish the process.

Report this User

Report this user for behavior that violates our Community Guidelines.

Details: